000 00267nam a22001217a 4500
008 180301b xxu||||| |||| 00| 0 eng d
041 _aeng
080 _a710
100 _a45
101 _aART
245 _aPHOTOGRAPHY ART TECHNIQUE
_cALFRED.A.B
942 _2udc
_cBK
999 _c43885
_d43885